Vista normal
Vista MARC
Entrada Personal Name
Número de registros utilizados en: 2
001 - CONTROL NUMBER
- control field: 2482
003 - CONTROL NUMBER IDENTIFIER
- control field: DLC
005 - DATE AND TIME OF LATEST TRANSACTION
- control field: 20240425113423.0
008 - FIXED-LENGTH DATA ELEMENTS
- fixed length control field: 861208n| azannaabn |n aaa
010 ## - LIBRARY OF CONGRESS CONTROL NUMBER
- LC control number: n 85281522
035 ## - SYSTEM CONTROL NUMBER
- System control number: (OCoLC)oca01757673
040 ## - CATALOGING SOURCE
- Original cataloging agency: DLC
- Language of cataloging: spa
- Description conventions: rda
- Transcribing agency: Mx-PuUPA
- Modifying agency: DLC
- Modifying agency: CSt
- Modifying agency: Mx-PuUPA
100 1# - HEADING--PERSONAL NAME
- Personal name: Mowery, David C.,
373 ## - ASSOCIATED GROUP
- Associated group: Escuela de Negocios Walter A. Haas (Universidad de California, Berkeley)
- Source of term: naf
374 ## - OCCUPATION
- Occupation: Profesor universitario
- Occupation: Autor
- Source of term: lcsh
375 ## - GENDER
- Gender: hombre
377 ## - ASSOCIATED LANGUAGE
- Language code: eng
670 ## - SOURCE DATA FOUND
- Source citation: His Alliance politics and economics, 1987:
- Information found: CIP t.p. (David C. Mowery)
670 ## - SOURCE DATA FOUND
- Source citation: Sources of industrial leadership, 1999:
- Information found: CIP t.p. (David C. Mowery) galley (prof., business admin., Haas Sch. of Business, UCLA-Berkeley)